000 00298nam a22001337a 4500
020 _a817826164-2
082 _a823
_bBRO/W
100 _aEMILY BRONTE
245 _aWUTHERING HEIGHTS
260 _aDELHI
_bROHAN BOOK COMPANY
_c30
300 _a222
650 _aMODERN ILLUSTRATED CLASSICS
942 _cBK
999 _c274
_d274